| 000 | 01227nam a22002177a 4500 | ||
|---|---|---|---|
| 999 |
_c61965 _d61965 |
||
| 003 | Ge_BSU | ||
| 005 | 20240617160224.0 | ||
| 008 | 240617s2003 ge ||||| |||| 00| 0 geo d | ||
| 041 | _ageo | ||
| 080 | _a61(479.223)(09) +614.2(479.223)(09) ს-96 | ||
| 100 |
_aსურმანიძე, რამაზ _922455 |
||
| 245 |
_aრეგიონული მედიცინის განვითარება საქართველოში : _b(აჭარის მაგალითზე...). წ. 2, [...1946-1990 წლები] / _cრამაზ სურმანიძე; [რედ.: აკაკი ბერიძე]. |
||
| 264 |
_aბათუმი : _bაჭარა, _c2003. |
||
| 300 |
_a524 გვ.; _bილ.; _c21 სმ. |
||
| 653 | _aქართული მედიცინის ისტორია | ||
| 653 | _aჯანმრთელობის დაცვა საქართველოში | ||
| 653 | _aჯანმრთელობის დაცვა აჯარაში | ||
| 653 | _aმედიცინა აჭარაში | ||
| 700 |
_aბერიძე, აკაკი _eრედაქტორი _917176 |
||
| 942 |
_2udc _cᲬᲘᲒᲜᲘ |
||